Physical activity for health and fitness / (Record no. 34766)

MARC details
000 -LEADER
fixed length control field 01230cam a22003614a 4500
001 - CONTROL NUMBER
control field 13251248
003 - CONTROL NUMBER IDENTIFIER
control field OSt
005 - DATE AND TIME OF LATEST TRANSACTION
control field 20220414114206.0
008 - FIXED-LENGTH DATA ELEMENTS--GENERAL INFORMATION
fixed length control field 030624s2004 ilua b 001 0 eng
010 ## - LIBRARY OF CONGRESS CONTROL NUMBER
LC control number 2003014521
020 ## - INTERNATIONAL STANDARD BOOK NUMBER
International Standard Book Number 0736052054 (Soft Cover)
035 ## - SYSTEM CONTROL NUMBER
System control number (DNLM)101182897
040 ## - CATALOGING SOURCE
Original cataloging agency DNLM/DLC
Transcribing agency HU
Modifying agency DLC
042 ## - AUTHENTICATION CODE
Authentication code pcc
050 00 - LIBRARY OF CONGRESS CALL NUMBER
Classification number QP301
Item number .P556 2004
060 10 - NATIONAL LIBRARY OF MEDICINE CALL NUMBER
Classification number QT 255
Item number P5724 2004
082 00 - DEWEY DECIMAL CLASSIFICATION NUMBER
Classification number 613.7/1
Edition number 21
245 00 - TITLE STATEMENT
Title Physical activity for health and fitness /
Statement of responsibility, etc. Allen W. Jackson ... [et al.].
250 ## - EDITION STATEMENT
Edition statement Updated ed.
260 ## - PUBLICATION, DISTRIBUTION, ETC.
Place of publication, distribution, etc. Champaign, IL :
Name of publisher, distributor, etc. Human Kinetics,
Date of publication, distribution, etc. c2004.
300 ## - PHYSICAL DESCRIPTION
Extent viii, 368 p. :
Other physical details col. ill. ;
Dimensions 25 cm.
504 ## - BIBLIOGRAPHY, ETC. NOTE
Bibliography, etc. note Includes bibliographical references and index.
650 #0 - SUBJECT ADDED ENTRY--TOPICAL TERM
Topical term or geographic name entry element Exercise
General subdivision Health aspects.
9 (RLIN) 35870
650 #0 - SUBJECT ADDED ENTRY--TOPICAL TERM
Topical term or geographic name entry element Physical fitness.
9 (RLIN) 5673
650 #0 - SUBJECT ADDED ENTRY--TOPICAL TERM
Topical term or geographic name entry element Health.
9 (RLIN) 35224
650 12 - SUBJECT ADDED ENTRY--TOPICAL TERM
Topical term or geographic name entry element Physical Fitness.
9 (RLIN) 5673
650 22 - SUBJECT ADDED ENTRY--TOPICAL TERM
Topical term or geographic name entry element Exercise.
9 (RLIN) 35871
700 1# - ADDED ENTRY--PERSONAL NAME
Personal name Jackson, Allen W.
9 (RLIN) 35872
856 41 - ELECTRONIC LOCATION AND ACCESS
Materials specified Table of contents
Uniform Resource Identifier <a href="http://www.loc.gov/catdir/toc/ecip045/2003014521.html">http://www.loc.gov/catdir/toc/ecip045/2003014521.html</a>
906 ## - LOCAL DATA ELEMENT F, LDF (RLIN)
a 7
b cbc
c orignew
d 1
e ecip
f 20
g y-gencatlg
942 ## - ADDED ENTRY ELEMENTS (KOHA)
Source of classification or shelving scheme Dewey Decimal Classification
Koha item type Books like text book referance book
Suppress in OPAC No
Holdings
Withdrawn status Lost status Source of classification or shelving scheme Damaged status Not for loan Collection code Home library Current library Shelving location Date acquired Total Checkouts Full call number Barcode Date last seen Copy number Price effective from Koha item type
    Dewey Decimal Classification     Reference Wondo Genet Library Wondo Genet Library General Stacks 04/14/2022   613.7`1 PHY 2004 WGCFNRL00019022 04/14/2022 1 04/14/2022 Books like text book referance book